000 00327nam a22001337a 4500
008 171011b xxu||||| |||| 00| 0 eng d
020 _a9780138170653
041 _aeng
080 _23 ED
_a316
100 _a50
101 _aSOC
245 _aSOCIAL WELFARE POLITICS AND PUBLIC POLICY
_cDINITO.D.M
942 _2udc
_cBK
999 _c33125
_d33125